00451nam a22001337a 4500008004100000020001800041050002400059100002000083245009900103250001200202260004400214300001800258650004100276221027b |||||||| |||| 00| 0 eng d a9780190909000 aBS2330.3b.E38 2020 aEhrman, Bart D. aThe New Testament:bA historical introduction to the early christian writings/cBart D. Ehrman a7th ed. aNew YorkbOxford university pressc2020 axxxiii, 587p. aBiblevNew testamentxIntroductions